000 00315nam a2200133Ia 4500
100 _aUrdang/Laurence
650 _aEconomics
942 _cBK
654 _aDictionary
245 _aThe Random House Dictionary of The English Languages
260 _bTulsi Shah
_aBombay
_c1969
300 _a1568
546 _aENGLISH
999 _c23907
_d23907